Η χρήση βιοαισθητήρων στην ανίχνευση του στρες και μια πειραματική μελέτη του σήματος GSR : πτυχιακή εργασία
Το στρες μπορεί να μετρηθεί με τη χρήση νέων τεχνολογιών, όπου μετριέται η αντίδραση του Αυτόνομου Νευρικού Συστήματος σε παράγοντες στρες. Χρησιμοποιούνται διάφορα βιομετρικά σήματα όπως η αγωγιμότητα δέρματος, η καρδιακή συχνότητα, η μεταβλητότητα του καρδιακού ρυθμού και η αρτηριακή πίεση. Ειδικό...
Αποθηκεύτηκε σε:
| Κύριος συγγραφέας: | |
|---|---|
| Συγγραφή απο Οργανισμό/Αρχή: | |
| Άλλοι συγγραφείς: | |
| Μορφή: | Thesis Βιβλίο |
| Γλώσσα: | Greek |
| Δημοσίευση: |
2017.
|
| Θέματα: | |
| Διαθέσιμο Online: | http://hdl.handle.net/11610/19216 |
| Ετικέτες: |
Προσθήκη ετικέτας
Δεν υπάρχουν, Καταχωρήστε ετικέτα πρώτοι!
|
MARC
| LEADER | 00000cam a2200000 a 4500 | ||
|---|---|---|---|
| 001 | 1/115142 | ||
| 008 | 171004s2017####gr | ||| |||| ||gre|| | ||
| 040 | |a GR-MyUa |b gre |c GR-MyUa |e AACR2 | ||
| 041 | 0 | |a gre | |
| 082 | 7 | |a 612.791 |2 (23) | |
| 100 | 1 | |a Μιχαλόπουλος, Θεόδωρος. | |
| 245 | 1 | 0 | |a Η χρήση βιοαισθητήρων στην ανίχνευση του στρες και μια πειραματική μελέτη του σήματος GSR : |b πτυχιακή εργασία / |c Θεόδωρος Μιχαλόπουλος ; επιβλέπων καθηγητής Χρήστος Γκουμόπουλος. |
| 260 | |c 2017. | ||
| 300 | |a 108 σ. : |b εικ. ; |c 30 εκ. | ||
| 500 | |a Μέλη της εξεταστικής επιτροπής: Χρήστος Γκουμόπουλος, Ασημάκης Λερός, Εμμανουήλ Καλλίγερος. | ||
| 502 | |a Πτυχιακή εργασία - Πανεπιστήμιο Αιγαίου, Σάμος, 2017. | ||
| 504 | |a Βιβλιογραφία: σ. 106-108. | ||
| 506 | 0 | |a Διάθεση πλήρους κειμένου - Ελεύθερη πρόσβαση. | |
| 520 | 8 | |a Το στρες μπορεί να μετρηθεί με τη χρήση νέων τεχνολογιών, όπου μετριέται η αντίδραση του Αυτόνομου Νευρικού Συστήματος σε παράγοντες στρες. Χρησιμοποιούνται διάφορα βιομετρικά σήματα όπως η αγωγιμότητα δέρματος, η καρδιακή συχνότητα, η μεταβλητότητα του καρδιακού ρυθμού και η αρτηριακή πίεση. Ειδικότερα, η αγωγιμότητα δέρματος (skin conductance), δηλώνει την υγρασία του δέρματος, η οποία εξαρτάται από τη δραστηριότητα του αδένα του ιδρώτα και από το μέγεθος του πόρου του δέρματος. Όταν ένα άτομο ξαφνιάζεται ή τρομάζει απότομα, ή βιώνει άγχος, παρατηρείται αύξηση στην αγωγιμότητα του δέρματός του. Η διπλωματική εργασία έχει σαν στόχο αφενός να διερευνήσει ποιες είναι οι σύγχρονες τάσεις στην ανίχνευση του στρες με τη χρήση βιοαισθητήρων και αφετέρου να μελετήσει πειραματικά τη χρήση του σήματος GSR (Galvalic Skin Response) στην ανίχνευση του στρεςχρησιμοποιώντας διαθέσιμα δεδομένα που έχουν συλλεγεί από σχετική εργασία με άτομα της τρίτης ηλικίας. | |
| 630 | 0 | 0 | |a MATLAB. |
| 650 | 0 | |a Biosensors. | |
| 650 | 0 | |a Dissertations, Academic |z Greece. | |
| 650 | 0 | |a Galvanic skin response |x Measurement. | |
| 650 | 0 | |a Stress (Physiology) |x Measurement. | |
| 700 | 1 | |a Γκουμόπουλος, Χρήστος, |e dgs [Επιβλέπων καθηγητής] | |
| 710 | 2 | |a Πανεπιστήμιο Αιγαίου. |b Σχολή Θετικών Επιστημών. |b Τμήμα Μηχανικών Πληροφοριακών και Επικοινωνιακών Συστημάτων. | |
| 852 | |a INST |b SAMOS |c DIATR |e 20171004 |h 612.791 ΜΙΧ |p 005300044823 |q 005300044823 |t DIE |y 23 | ||
| 856 | |u http://hdl.handle.net/11610/19216 | ||
| 924 | |a Μιχαλόπουλος |b Θεόδωρος |y Σάμος |z 2017-09 | ||
| 970 | |a Κοσιέρης |b Χρήστος |z 04-10-2017 | ||